[Event "Kreuzberg Open"]
[Site "Berlin"]
[Date "2005.07.02"]
[Round "1"]
[White "Berger, Steve"]
[Black "Nagel, Gerhard"]
[Result "1-0"]
[WhiteElo "2428"]
[BlackElo "1998"]
[PlyCount "50"]
[EventDate "2005.07.??"]
[EventType "swiss"]
[EventRounds "9"]
[EventCountry "GER"]
[Source "SC Kreuzberg"]
[SourceDate "2005.07.24"]

1. e4 e5 2. Nf3 Nc6 3. Bc4 Nf6 4. d3 Be7 5. O-O d6 6. c3 Na5 7. Bb5+ Bd7 8.
Bxd7+ Qxd7 9. b4 Nc6 10. Nbd2 Nd8 11. d4 exd4 12. cxd4 O-O 13. Re1 d5 14. e5
Ne4 15. Nxe4 dxe4 16. Rxe4 Bxb4 17. d5 a5 18. Qb3 Ra6 19. Bg5 Be7 20. e6 fxe6
21. dxe6 Qe8 22. a4 Kh8 23. Rae1 Rxf3 24. Qxf3 Bxg5 25. e7 Nf7 1-0

[Event "Kreuzberg Open"]
[Site "Berlin"]
[Date "2005.07.02"]
[Round "1"]
[White "Kaphle, Stephan"]
[Black "Von Herman, Ulf"]
[Result "1-0"]
[WhiteElo "1980"]
[BlackElo "2367"]
[PlyCount "131"]
[EventDate "2005.07.??"]
[EventType "swiss"]
[EventRounds "9"]
[EventCountry "GER"]
[Source "SC Kreuzberg"]
[SourceDate "2005.07.24"]

1. e4 c5 2. Nf3 Nc6 3. d4 cxd4 4. Nxd4 Nf6 5. Nc3 d6 6. Bg5 Bd7 7. Qd2 Rc8 8.
f3 a6 9. g4 h5 10. gxh5 Rxh5 11. Be3 Ne5 12. O-O-O b5 13. f4 Neg4 14. Bd3 Rh3
15. Bg1 g6 16. Qg2 Ne3 17. Bxe3 Rxe3 18. e5 dxe5 19. fxe5 Rxe5 20. Nf3 Rec5 21.
Ng5 Bh6 22. h4 Rxc3 23. bxc3 Qa5 24. Kb1 Bc6 25. Qh3 Rc7 26. Bxg6 fxg6 27. Qe6
Bd7 28. Qf7+ Kd8 29. Ne6+ Kc8 30. Nxc7 Qxc7 31. Qxe7 Qc6 32. Kb2 Nd5 33. Qe5
Nb6 34. Qh8+ Kb7 35. Qxh6 Na4+ 36. Kc1 Nxc3 37. Qe3 Kc8 38. Rdf1 Bf5 39. Rh2
Qf6 40. Qc5+ Kb7 41. Rf3 Na4 42. Qd5+ Kb6 43. Kd2 Qb2 44. Ke3 Qc1+ 45. Kd4 Qb2+
46. Ke3 Qc1+ 47. Qd2 Qg1+ 48. Qf2 Qc1+ 49. Kd4 Qd1+ 50. Ke5+ Kc6 51. Kf6 Qa1+
52. Kf7 Qxa2+ 53. Kg7 Qb2+ 54. c3 Qb3 55. Qe3 Nc5 56. Qe8+ Bd7 57. Qa8+ Kc7 58.
Qa7+ Kc6 59. Rd2 Bf5 60. h5 Qe6 61. Qa8+ Kb6 62. Qd8+ Ka7 63. Rd6 Qe5+ 64. Qf6
Qe4 65. Rxf5 gxf5 66. h6 1-0

[Event "Kreuzberg Open"]
[Site "Berlin"]
[Date "2005.07.02"]
[Round "1"]
[White "Thinius, Marco"]
[Black "Gremm, Juergen"]
[Result "1-0"]
[WhiteElo "2354"]
[BlackElo "1972"]
[PlyCount "107"]
[EventDate "2005.07.??"]
[EventType "swiss"]
[EventRounds "9"]
[EventCountry "GER"]
[Source "SC Kreuzberg"]
[SourceDate "2005.07.24"]

1. e4 Nc6 2. Nf3 e5 3. d4 exd4 4. Nxd4 Bc5 5. Be3 Qe7 6. Nc3 Bb4 7. Bd3 Nf6 8.
Nf5 Qe5 9. O-O Bxc3 10. bxc3 O-O 11. Bd4 Nxd4 12. cxd4 Qf4 13. e5 Nd5 14. g3
Qg5 15. h4 Qd8 16. Qh5 Re8 17. Bc4 g6 18. Qf3 gxf5 19. Qxd5 Qe7 20. Rae1 Qe6
21. Qb5 Qg6 22. Bd3 Qg4 23. Qc5 b5 24. Qxc7 Qxd4 25. Bxf5 Kh8 26. Qd6 Qb6 27.
Be4 Rb8 28. Qxb6 Rxb6 29. Bd5 Kg7 30. Re3 Bb7 31. Rd1 Rc8 32. c3 Rc7 33. Bxb7
Rcxb7 34. Kf1 b4 35. cxb4 Rxb4 36. Red3 Kg6 37. Rxd7 Rxd7 38. Rxd7 Ra4 39. Rd2
Kf5 40. Re2 a5 41. Kg2 Rb4 42. Re3 Rg4 43. a3 Re4 44. Rxe4 Kxe4 45. f4 a4 46.
Kf2 h5 47. Ke2 Kd4 48. Kf3 Kc3 49. f5 Kb3 50. e6 fxe6 51. fxe6 Kxa3 52. e7 Kb2
53. e8=B a3 54. Bf7 1-0

[Event "Kreuzberg Open"]
[Site "Berlin"]
[Date "2005.07.02"]
[Round "1"]
[White "Wolff, Michael"]
[Black "Schlemermeyer, Wilhelm"]
[Result "0-1"]
[WhiteElo "1968"]
[BlackElo "2346"]
[PlyCount "75"]
[EventDate "2005.07.??"]
[EventType "swiss"]
[EventRounds "9"]
[EventCountry "GER"]
[Source "SC Kreuzberg"]
[SourceDate "2005.07.24"]

1. e4 d6 2. d4 g6 3. Nc3 Bg7 4. Nf3 Nf6 5. Bc4 O-O 6. O-O Nxe4 7. Nxe4 d5 8.
Bd3 dxe4 9. Bxe4 Nd7 10. c3 c5 11. Bf4 cxd4 12. cxd4 Nf6 13. Bd3 Be6 14. Re1
Rc8 15. Qe2 a6 16. Bg3 Re8 17. h3 Bh6 18. Bh4 Bg7 19. Bg5 Qd6 20. Bd2 Nh5 21.
Ng5 Bd5 22. Ne4 Bxe4 23. Bxe4 Bxd4 24. Rad1 Ng3 25. Qf3 Nxe4 26. Qxe4 Qb6 27.
Be3 Bxe3 28. Rxe3 Qxb2 29. Rb3 Qxa2 30. Rxb7 Qa3 31. Rdd7 Kf8 32. Qe5 Qc1+ 33.
Kh2 Qc3 34. Qg5 Rc5 35. Qh6+ Qg7 36. Qxg7+ Kxg7 37. Rxe7 Rxe7 38. Rxe7 {ZUe}
0-1

[Event "Kreuzberg Open"]
[Site "Berlin"]
[Date "2005.07.02"]
[Round "1"]
[White "Schmidt-Schaeffer, Sebastian"]
[Black "Knopf, Roland"]
[Result "1-0"]
[WhiteElo "2322"]
[BlackElo "1957"]
[PlyCount "41"]
[EventDate "2005.07.??"]
[EventType "swiss"]
[EventRounds "9"]
[EventCountry "GER"]
[Source "SC Kreuzberg"]
[SourceDate "2005.07.24"]

1. e4 d6 2. d4 g6 3. Nc3 Bg7 4. g3 Nf6 5. Bg2 O-O 6. f4 e5 7. dxe5 dxe5 8. Qxd8
Rxd8 9. fxe5 Ng4 10. Bg5 Re8 11. Nd5 Na6 12. Nf3 Nxe5 13. O-O-O Bg4 14. Nxe5
Rxe5 15. Nf6+ Bxf6 16. Bxf6 Ra5 17. Rd5 c5 18. Rd2 Rxa2 19. Kb1 Ra4 20. h3 Be6
21. Rhd1 1-0

[Event "Kreuzberg Open"]
[Site "Berlin"]
[Date "2005.07.02"]
[Round "1"]
[White "Kaphle, Sebastian"]
[Black "Fruebing, Stefan"]
[Result "1-0"]
[WhiteElo "1944"]
[BlackElo "2280"]
[PlyCount "57"]
[EventDate "2005.07.??"]
[EventType "swiss"]
[EventRounds "9"]
[EventCountry "GER"]
[Source "SC Kreuzberg"]
[SourceDate "2005.07.24"]

1. e4 c5 2. Nf3 Nc6 3. d4 cxd4 4. Nxd4 g6 5. Nc3 Bg7 6. Be3 Nf6 7. Bc4 O-O 8.
f3 Qb6 9. Qd2 Nxe4 10. Nxc6 Qxc6 11. Bxf7+ Rxf7 12. Nxe4 Bxb2 13. Rb1 Bg7 14.
O-O d6 15. Rfc1 b6 16. c4 Bb7 17. Ng5 Rf5 18. Ne6 Qd7 19. Nxg7 Kxg7 20. c5 Kf7
21. cxb6 axb6 22. Bxb6 Bd5 23. Rc7 Qe6 24. Bd4 Rc8 25. Ra7 Bxf3 26. gxf3 Rxf3
27. Re1 Qg4+ 28. Kh1 Re8 29. Qe2 1-0

[Event "Kreuzberg Open"]
[Site "Berlin"]
[Date "2005.07.02"]
[Round "1"]
[White "Figura, Atila Gajo"]
[Black "Wapenhans, Alexander"]
[Result "1-0"]
[WhiteElo "2277"]
[BlackElo "1900"]
[PlyCount "75"]
[EventDate "2005.07.??"]
[EventType "swiss"]
[EventRounds "9"]
[EventCountry "GER"]
[Source "SC Kreuzberg"]
[SourceDate "2005.07.24"]

1. d4 Nf6 2. c4 g6 3. Nc3 Bg7 4. e4 d6 5. Nf3 O-O 6. Be2 e5 7. Be3 Nc6 8. d5
Ne7 9. Nd2 Ne8 10. O-O f5 11. f3 f4 12. Bf2 g5 13. c5 Ng6 14. Nc4 Rf7 15. cxd6
cxd6 16. Nb5 a6 17. Nb6 Rb8 18. Na3 h5 19. Rc1 Nf6 20. Qc2 Bd7 21. Nxd7 Qxd7
22. Bb6 Bf8 23. Qd3 Be7 24. Rc7 Bd8 25. Rxd7 Bxb6+ 26. Kh1 Rxd7 27. Qb3 Bc5 28.
Bxa6 Bxa3 29. bxa3 Rdd8 30. Bb5 Nd7 31. Bxd7 Rxd7 32. Rc1 Kf7 33. Kg1 Ne7 34.
Qb5 Rdd8 35. Rc7 Rdc8 36. Qd7 Rxc7 37. Qxc7 Rc8 38. Qxd6 1-0

[Event "Kreuzberg Open"]
[Site "Berlin"]
[Date "2005.07.02"]
[Round "1"]
[White "Berg, Gerd"]
[Black "Niehaus, Frank"]
[Result "0-1"]
[WhiteElo "1889"]
[BlackElo "2252"]
[PlyCount "52"]
[EventDate "2005.07.??"]
[EventType "swiss"]
[EventRounds "9"]
[EventCountry "GER"]
[Source "SC Kreuzberg"]
[SourceDate "2005.07.24"]

1. c4 Nf6 2. d4 g6 3. Nc3 Bg7 4. Nf3 d6 5. e4 O-O 6. Be2 Nbd7 7. O-O e5 8. d5
a5 9. Qc2 Nc5 10. Be3 Ne8 11. Rab1 f5 12. Bxc5 dxc5 13. Bd3 Nd6 14. Rfe1 f4 15.
Na4 b6 16. Nc3 g5 17. h3 h5 18. Nh2 Bd7 19. Qe2 Qe8 20. g4 hxg4 21. hxg4 f3 22.
Qe3 Rf4 23. Kf1 Bxg4 24. Kg1 Qh5 25. Bf1 Kf7 26. Nxg4 Qxg4+ 0-1

[Event "Kreuzberg Open"]
[Site "Berlin"]
[Date "2005.07.02"]
[Round "1"]
[White "Kohler, Thomas"]
[Black "Zoellner, Rainer"]
[Result "1-0"]
[WhiteElo "2245"]
[BlackElo "1874"]
[PlyCount "69"]
[EventDate "2005.07.??"]
[EventType "swiss"]
[EventRounds "9"]
[EventCountry "GER"]
[Source "SC Kreuzberg"]
[SourceDate "2005.07.24"]

1. c4 e6 2. g3 Nf6 3. Bg2 c5 4. Nf3 Be7 5. O-O O-O 6. Nc3 a6 7. d4 cxd4 8. Nxd4
Qc7 9. Na4 d6 10. e4 Nbd7 11. b3 Rb8 12. Bd2 b6 13. Rc1 Bb7 14. Nc3 Nc5 15. Qe2
Rbc8 16. Rfd1 Rfe8 17. f3 Bf8 18. Bg5 Ncd7 19. Be3 Qb8 20. f4 Qa8 21. Bf2 Nc5
22. Re1 g6 23. b4 Ncd7 24. Nb3 Bc6 25. a4 Red8 26. a5 Rb8 27. axb6 Nxb6 28. Na5
Nfd7 29. Ra1 d5 30. c5 Bg7 31. e5 Nc8 32. Nxc6 Qxc6 33. Rab1 Qb7 34. c6 Qxb4
35. c7 1-0

[Event "Kreuzberg Open"]
[Site "Berlin"]
[Date "2005.07.02"]
[Round "1"]
[White "Moldenhauer, Juergen"]
[Black "Schulz, Michael"]
[Result "0-1"]
[WhiteElo "1943"]
[BlackElo "2233"]
[PlyCount "60"]
[EventDate "2005.07.??"]
[EventType "swiss"]
[EventRounds "9"]
[EventCountry "GER"]
[Source "SC Kreuzberg"]
[SourceDate "2005.07.24"]

1. d4 Nf6 2. c4 c5 3. d5 e6 4. Nc3 exd5 5. cxd5 d6 6. e4 g6 7. h3 Bg7 8. Nf3
O-O 9. Bd3 Re8 10. O-O c4 11. Bc2 b5 12. Nxb5 Nxe4 13. Re1 a6 14. Nbd4 Nf6 15.
Ne2 Bb7 16. Nc3 Rxe1+ 17. Nxe1 Qa5 18. Bf4 Nbd7 19. Bxd6 Nxd5 20. Nxd5 Bxd5 21.
Rb1 Re8 22. Nf3 Bxf3 23. Qxf3 Re1+ 24. Rxe1 Qxe1+ 25. Kh2 Qd2 26. Qa8+ Nf8 27.
Bxf8 Bxf8 28. Qe4 Bd6+ 29. g3 Qxf2+ 30. Qg2 Bxg3+ 0-1

[Event "Kreuzberg Open"]
[Site "Berlin"]
[Date "2005.07.02"]
[Round "1"]
[White "Lueders, Gerhard"]
[Black "Klein, Dominik"]
[Result "1/2-1/2"]
[WhiteElo "2229"]
[BlackElo "1864"]
[PlyCount "63"]
[EventDate "2005.07.??"]
[EventType "swiss"]
[EventRounds "9"]
[EventCountry "GER"]
[Source "SC Kreuzberg"]
[SourceDate "2005.07.24"]

1. d4 Nc6 2. Bg5 h6 3. Bh4 g5 4. Bg3 Bg7 5. c3 d5 6. e3 a6 7. f4 Nf6 8. Bd3 Bg4
9. Qb3 Na5 10. Qa4+ c6 11. h3 Bd7 12. Qd1 Qb6 13. b3 c5 14. Nd2 Qe6 15. Qe2 Ne4
16. Bxe4 dxe4 17. Qh5 cxd4 18. cxd4 Rc8 19. Ne2 Bb5 20. O-O g4 21. f5 Qd5 22.
Qxg4 Bxe2 23. Qxg7 Kd7 24. Rf2 Bd3 25. Qg4 f6 26. Kh2 b5 27. Rf4 h5 28. Qh4 Rc2
29. Be1 Nb7 30. g4 Nd6 31. Kg1 Qf7 32. Qg3 1/2-1/2

[Event "Kreuzberg Open"]
[Site "Berlin"]
[Date "2005.07.02"]
[Round "1"]
[White "Czikuss, Hans-Joachim"]
[Black "Albrecht, Rainer"]
[Result "0-1"]
[WhiteElo "1863"]
[BlackElo "2226"]
[PlyCount "84"]
[EventDate "2005.07.??"]
[EventType "swiss"]
[EventRounds "9"]
[EventCountry "GER"]
[Source "SC Kreuzberg"]
[SourceDate "2005.07.24"]

1. Nf3 e6 2. c4 f5 3. g3 Nf6 4. Bg2 Be7 5. O-O O-O 6. d4 d6 7. Nc3 Ne4 8. Qc2
Nxc3 9. bxc3 Nc6 10. Rb1 e5 11. dxe5 dxe5 12. Rd1 Qe8 13. Qd3 Be6 14. Ng5 Bxg5
15. Bxg5 h6 16. Be3 e4 17. Qc2 Na5 18. Bc5 Rf7 19. f3 exf3 20. Bxf3 Rd7 21. Bd5
c6 22. Bxe6+ Qxe6 23. Rxd7 Qxd7 24. Rd1 Qe6 25. Rf1 b6 26. Bb4 Nxc4 27. Qxf5
Qxf5 28. Rxf5 c5 29. Rf4 Ne3 30. Ba3 Rd8 31. Re4 Rd1+ 32. Kf2 Nc2 33. Ra4 a5
34. c4 Rb1 35. e4 Re1 36. Kf3 Re3+ 37. Kf4 Rxa3 38. Rxa3 Nxa3 39. Ke5 Nxc4+ 40.
Kd5 Ne3+ 41. Kc6 Kf7 42. Kxb6 c4 0-1

[Event "Kreuzberg Open"]
[Site "Berlin"]
[Date "2005.07.02"]
[Round "1"]
[White "Kozyrev, Daniil"]
[Black "Baumgardt, Laurin"]
[Result "1-0"]
[WhiteElo "2217"]
[BlackElo "1848"]
[PlyCount "61"]
[EventDate "2005.07.??"]
[EventType "swiss"]
[EventRounds "9"]
[EventCountry "GER"]
[Source "SC Kreuzberg"]
[SourceDate "2005.07.24"]

1. e4 e5 2. Nf3 Nc6 3. d4 exd4 4. Nxd4 Nf6 5. Nc3 Bb4 6. Nxc6 bxc6 7. Bd3 d5 8.
exd5 cxd5 9. O-O O-O 10. Bg5 Bxc3 11. bxc3 Qd6 12. h3 Bb7 13. Rb1 Bc6 14. Qd2
Ne4 15. Bxe4 dxe4 16. Qe3 f5 17. Rfd1 Qe6 18. a3 h6 19. Bf4 Rf7 20. Qg3 Qe7 21.
Bxh6 Qxa3 22. Rb4 Qa2 23. Qg6 Be8 24. Rbd4 Kf8 25. g3 Rd7 26. Qxf5+ Qf7 27.
Qxe4 Rxd4 28. Rxd4 Rb8 29. Qh7 Rb5 30. Qh8+ Qg8 31. Bxg7+ 1-0

[Event "Kreuzberg Open"]
[Site "Berlin"]
[Date "2005.07.02"]
[Round "1"]
[White "Treskow, Anatol"]
[Black "Haemmerlein, Thomas"]
[Result "1/2-1/2"]
[WhiteElo "1820"]
[BlackElo "2193"]
[PlyCount "22"]
[EventDate "2005.07.??"]
[EventType "swiss"]
[EventRounds "9"]
[EventCountry "GER"]
[Source "SC Kreuzberg"]
[SourceDate "2005.07.24"]

1. e4 c5 2. d3 d5 3. exd5 Qxd5 4. Nc3 Qd8 5. Bf4 a6 6. Be2 Nf6 7. Bf3 e6 8.
Nge2 Be7 9. O-O O-O 10. d4 Nbd7 11. Bg3 Qb6 1/2-1/2

[Event "Kreuzberg Open"]
[Site "Berlin"]
[Date "2005.07.03"]
[Round "2"]
[White "Fietz, Harald"]
[Black "Berger, Steve"]
[Result "0-1"]
[WhiteElo "2126"]
[BlackElo "2428"]
[PlyCount "76"]
[EventDate "2005.07.??"]
[EventType "swiss"]
[EventRounds "9"]
[EventCountry "GER"]
[Source "SC Kreuzberg"]
[SourceDate "2005.07.24"]

1. d4 g6 2. e4 Bg7 3. Nc3 c6 4. Be3 d6 5. f4 Nf6 6. Be2 O-O 7. e5 Nd5 8. Nxd5
cxd5 9. c3 f6 10. exd6 Qxd6 11. Nf3 Bg4 12. O-O Nd7 13. Qd2 Rac8 14. Nh4 Bxe2
15. Qxe2 f5 16. Nf3 Nf6 17. Ne5 Ne4 18. Qb5 a6 19. Qb3 e6 20. a3 Qc7 21. Rae1
Bxe5 22. dxe5 b5 23. Rd1 Qc4 24. Qc2 a5 25. Rd4 Qa2 26. Qb1 Qxb1 27. Rxb1 Rc6
28. Ra1 Rb8 29. h3 Rc4 30. a4 Rxa4 31. Raxa4 bxa4 32. Rxa4 Rxb2 33. Rxa5 Nxc3
34. Ra8+ Kf7 35. Ra7+ Ke8 36. Bc5 Ne2+ 37. Kf1 Nxf4 38. Rxh7 Rb1+ 0-1

[Event "Kreuzberg Open"]
[Site "Berlin"]
[Date "2005.07.03"]
[Round "2"]
[White "Schoeffler, Helmut"]
[Black "Thinius, Marco"]
[Result "1/2-1/2"]
[WhiteElo "2125"]
[BlackElo "2354"]
[PlyCount "72"]
[EventDate "2005.07.??"]
[EventType "swiss"]
[EventRounds "9"]
[EventCountry "GER"]
[Source "SC Kreuzberg"]
[SourceDate "2005.07.24"]

1. e4 e5 2. Nf3 d6 3. Bc4 Be7 4. O-O Nf6 5. d3 O-O 6. Re1 c6 7. Bb3 Nbd7 8. c3
Nc5 9. Bc2 Qc7 10. Nbd2 Re8 11. Nf1 Ne6 12. Ng3 Bf8 13. Nf5 Kh8 14. h3 g6 15.
Ng3 Bg7 16. Ng5 h6 17. Nxe6 Bxe6 18. Be3 d5 19. Qf3 Qe7 20. Bb3 a5 21. d4 a4
22. dxe5 Nxe4 23. Bc2 a3 24. b4 Nxg3 25. Qxg3 Qc7 26. f4 Qd7 27. Rad1 Bf5 28.
Qf2 h5 29. Bd4 Kg8 30. Bd3 Bf8 31. Rd2 Qe6 32. Bf1 Bg7 33. Re3 Qd7 34. Qh4 Qe7
35. Qf2 Qd7 36. Qh4 Qe7 1/2-1/2

[Event "Kreuzberg Open"]
[Site "Berlin"]
[Date "2005.07.03"]
[Round "2"]
[White "Schlemermeyer, Wilhelm"]
[Black "Hohn, August"]
[Result "1/2-1/2"]
[WhiteElo "2346"]
[BlackElo "2115"]
[PlyCount "58"]
[EventDate "2005.07.??"]
[EventType "swiss"]
[EventRounds "9"]
[EventCountry "GER"]
[Source "SC Kreuzberg"]
[SourceDate "2005.07.24"]

1. Nf3 d5 2. c4 c6 3. d4 Nf6 4. Qc2 Bg4 5. Ne5 Bh5 6. Qb3 Qb6 7. c5 Qxb3 8.
axb3 Nbd7 9. Nxd7 Nxd7 10. b4 e5 11. e3 Be7 12. b5 Bf6 13. bxc6 bxc6 14. Ba6
Rb8 15. Ra4 O-O 16. O-O Rfe8 17. Na3 Bg6 18. Rd1 Rb3 19. Bf1 a5 20. Rxa5 Rb4
21. Ra7 Nb8 22. Ra8 Kf8 23. Bd2 Rxb2 24. Bc3 Rb3 25. dxe5 Rxc3 26. exf6 gxf6
27. Nb1 Rxc5 28. Nd2 Rc2 29. Nf3 Bh5 1/2-1/2

[Event "Kreuzberg Open"]
[Site "Berlin"]
[Date "2005.07.03"]
[Round "2"]
[White "Shapiro, Yosip"]
[Black "Schmidt-Schaeffer, Sebastian"]
[Result "1-0"]
[WhiteElo "2118"]
[BlackElo "2322"]
[PlyCount "83"]
[EventDate "2005.07.??"]
[EventType "swiss"]
[EventRounds "9"]
[EventCountry "GER"]
[Source "SC Kreuzberg"]
[SourceDate "2005.07.24"]

1. Nf3 d6 2. d4 f5 3. g3 Nf6 4. Bg2 g6 5. O-O Bg7 6. c4 O-O 7. Nc3 h6 8. b3 g5
9. Bb2 Qe8 10. d5 c5 11. dxc6 bxc6 12. Re1 Na6 13. Nd4 Bd7 14. e4 fxe4 15. Nxe4
Nxe4 16. Rxe4 Rb8 17. Qe2 e5 18. Re3 Nc5 19. Ba3 exd4 20. Rxe8 Rbxe8 21. Qd2 d3
22. Bxc5 dxc5 23. Rf1 Bf5 24. Bxc6 Re2 25. Bd5+ Kh8 26. Qa5 d2 27. Bf3 Re6 28.
Qxd2 Bd4 29. Bd5 Ref6 30. Kg2 Rd8 31. Qa5 Rd7 32. f3 Rf8 33. Qa6 Kg7 34. Re1 g4
35. f4 h5 36. Qc6 Rf6 37. Qa8 Rf8 38. Re8 Rxe8 39. Qxe8 Kh6 40. Be4 Bxe4+ 41.
Qxe4 Rg7 42. b4 1-0

[Event "Kreuzberg Open"]
[Site "Berlin"]
[Date "2005.07.03"]
[Round "2"]
[White "Hahlbohm, Matthias"]
[Black "Figura, Atila Gajo"]
[Result "0-1"]
[WhiteElo "2102"]
[BlackElo "2277"]
[PlyCount "66"]
[EventDate "2005.07.??"]
[EventType "swiss"]
[EventRounds "9"]
[EventCountry "GER"]
[Source "SC Kreuzberg"]
[SourceDate "2005.07.24"]

1. e4 c5 2. Nf3 e6 3. c3 d5 4. e5 d4 5. Bb5+ Bd7 6. Bxd7+ Qxd7 7. d3 Nc6 8. c4
f6 9. exf6 gxf6 10. O-O Bd6 11. Re1 Nge7 12. Nbd2 f5 13. Ng5 e5 14. f4 Ng6 15.
fxe5 Ncxe5 16. Ndf3 O-O-O 17. Nxe5 Nxe5 18. h3 Rhg8 19. Rf1 h6 20. Nf3 Qg7 21.
Rf2 Qg3 22. Kf1 Rdf8 23. a3 Nxf3 24. Qxf3 Qh2 25. Ke2 Qg1 26. Kd2 Rg3 27. Qe2
Rfg8 28. Kc2 Qxf2 29. Qxf2 Rxg2 30. Qxg2 Rxg2+ 31. Kb3 Rg1 32. Ka2 f4 33. b4 f3
0-1

[Event "Kreuzberg Open"]
[Site "Berlin"]
[Date "2005.07.03"]
[Round "2"]
[White "Niehaus, Frank"]
[Black "Dimitrijeski, Kristian"]
[Result "1/2-1/2"]
[WhiteElo "2252"]
[BlackElo "2098"]
[PlyCount "39"]
[EventDate "2005.07.??"]
[EventType "swiss"]
[EventRounds "9"]
[EventCountry "GER"]
[Source "SC Kreuzberg"]
[SourceDate "2005.07.24"]

1. e4 c6 2. d4 d5 3. exd5 cxd5 4. c4 Nf6 5. Nc3 e6 6. Nf3 Be7 7. cxd5 Nxd5 8.
Bd3 Nc6 9. O-O O-O 10. Re1 Bf6 11. Be4 Nce7 12. Qd3 h6 13. Be3 Bd7 14. Ne5 Bxe5
15. dxe5 Nxe3 16. Qxe3 Bc6 17. Qc5 Bxe4 18. Nxe4 b6 19. Qd6 Qxd6 20. Nxd6
1/2-1/2

[Event "Kreuzberg Open"]
[Site "Berlin"]
[Date "2005.07.03"]
[Round "2"]
[White "Burger, Heinrich"]
[Black "Kohler, Thomas"]
[Result "1/2-1/2"]
[WhiteElo "2099"]
[BlackElo "2245"]
[PlyCount "31"]
[EventDate "2005.07.??"]
[EventType "swiss"]
[EventRounds "9"]
[EventCountry "GER"]
[Source "SC Kreuzberg"]
[SourceDate "2005.07.24"]

1. d4 Nf6 2. Nf3 g6 3. Bg5 Bg7 4. c3 O-O 5. Nbd2 d5 6. e3 Nbd7 7. Be2 Re8 8.
O-O e5 9. dxe5 Nxe5 10. Nxe5 Rxe5 11. Nf3 Re8 12. Qb3 c6 13. Rfd1 Qb6 14. Qxb6
axb6 15. Bxf6 Bxf6 16. a3 1/2-1/2

[Event "Kreuzberg Open"]
[Site "Berlin"]
[Date "2005.07.03"]
[Round "2"]
[White "Kiesekamp, Marcos"]
[Black "Sebastian, Martin"]
[Result "1-0"]
[WhiteElo "2245"]
[BlackElo "2065"]
[PlyCount "61"]
[EventDate "2005.07.??"]
[EventType "swiss"]
[EventRounds "9"]
[EventCountry "GER"]
[Source "SC Kreuzberg"]
[SourceDate "2005.07.24"]

1. e4 c5 2. Nf3 e6 3. d4 cxd4 4. Nxd4 a6 5. Bd3 Qc7 6. O-O Nf6 7. Qe2 d6 8. Kh1
Be7 9. f4 Nbd7 10. Nc3 b5 11. Bd2 Bb7 12. b4 h5 13. Nb3 Rb8 14. a4 bxa4 15.
Rxa4 d5 16. e5 Ng4 17. h3 Qb6 18. f5 Ndxe5 19. fxe6 f6 20. Bxa6 Bc6 21. b5 Ba8
22. Rd4 Bc5 23. Na4 Bxd4 24. Nxb6 Bxb6 25. c3 d4 26. cxd4 Bd5 27. dxe5 Bxb3 28.
exf6 gxf6 29. Bf4 Rd8 30. Bb7 Rd4 31. e7 1-0

[Event "Kreuzberg Open"]
[Site "Berlin"]
[Date "2005.07.03"]
[Round "2"]
[White "Zschaebitz, Klaus"]
[Black "Federau, Juergen"]
[Result "1-0"]
[WhiteElo "2092"]
[BlackElo "2236"]
[PlyCount "146"]
[EventDate "2005.07.??"]
[EventType "swiss"]
[EventRounds "9"]
[EventCountry "GER"]
[Source "SC Kreuzberg"]
[SourceDate "2005.07.24"]

1. d4 Nf6 2. Nf3 e6 3. c3 c5 4. Bf4 Qb6 5. Qb3 Qxb3 6. axb3 Nc6 7. e3 Nh5 8.
Bc7 cxd4 9. Nxd4 Nxd4 10. exd4 d6 11. Bb6 a6 12. Be2 Nf6 13. c4 Be7 14. O-O O-O
15. Nd2 Bd7 16. Bf3 Rac8 17. Rfe1 Rfe8 18. Ba5 Bc6 19. Bc3 Bxf3 20. Nxf3 h6 21.
Kf1 g5 22. Nd2 Kh7 23. Re2 Kg6 24. Rae1 h5 25. g3 g4 26. f4 gxf3 27. Nxf3 Ng4
28. Nd2 Red8 29. Ba5 Rd7 30. h3 Nh6 31. d5 e5 32. Bb6 Nf5 33. Ne4 f6 34. g4
hxg4 35. hxg4 Nh6 36. Rg2 Nf7 37. Ng3 Rh8 38. Be3 Bf8 39. Ke2 Rh3 40. Rh1 Rxh1
41. Nxh1 Rd8 42. b4 b5 43. b3 bxc4 44. bxc4 Rb8 45. Bd2 Bh6 46. Bc3 Rc8 47. Kd3
Ng5 48. Nf2 f5 49. gxf5+ Kxf5 50. Nd1 Nh3 51. Bd2 e4+ 52. Kd4 Bxd2 53. Rxd2 Ng5
54. Ne3+ Kf4 55. Ng2+ Kf5 56. Ne1 Kf4 57. Ra2 Nf3+ 58. Nxf3 exf3 59. c5 Kg3 60.
cxd6 f2 61. Ra1 Re8 62. Kc5 Re1 63. Ra3+ Kg4 64. d7 f1=Q 65. Ra5 Rc1+ 66. Kb6
Qf6+ 67. Kb7 Qd6 68. Rc5 Qxd7+ 69. Kb6 Rb1 70. Rc4+ Kf5 71. Kc5 Qb5+ 72. Kd6 {
(=)} Qxc4 73. Ke7 Qxb4+ {ZUe} 1-0

[Event "Kreuzberg Open"]
[Site "Berlin"]
[Date "2005.07.03"]
[Round "2"]
[White "Schulz, Michael"]
[Black "Fleischer, Andy"]
[Result "1-0"]
[WhiteElo "2233"]
[BlackElo "2056"]
[PlyCount "59"]
[EventDate "2005.07.??"]
[EventType "swiss"]
[EventRounds "9"]
[EventCountry "GER"]
[Source "SC Kreuzberg"]
[SourceDate "2005.07.24"]

1. d4 e6 2. e4 c5 3. c3 cxd4 4. cxd4 d5 5. e5 Nc6 6. Nf3 f6 7. Bd3 f5 8. Nc3 a6
9. g4 g6 10. gxf5 exf5 11. Qb3 Nge7 12. Bg5 Bg7 13. h4 h6 14. Bf6 Kf8 15. Rg1
Qd7 16. O-O-O Rg8 17. Na4 Qc7 18. Kb1 b5 19. Nc5 Kf7 20. Bxe7 Nxe7 21. Rc1 Qb6
22. e6+ Ke8 23. h5 a5 24. Bxf5 Qd6 25. Bg4 Rf8 26. Qd3 Qf4 27. Nd7 Bxd7 28.
exd7+ Kd8 29. Qc3 Nf5 30. Rge1 1-0

[Event "Kreuzberg Open"]
[Site "Berlin"]
[Date "2005.07.03"]
[Round "2"]
[White "Albrecht, Rainer"]
[Black "Decker, Nils"]
[Result "1-0"]
[WhiteElo "2226"]
[BlackElo "2031"]
[PlyCount "59"]
[EventDate "2005.07.??"]
[EventType "swiss"]
[EventRounds "9"]
[EventCountry "GER"]
[Source "SC Kreuzberg"]
[SourceDate "2005.07.24"]

1. d4 Nf6 2. c4 e6 3. Nc3 Bb4 4. g3 c5 5. Nf3 cxd4 6. Nxd4 Bxc3+ 7. bxc3 Qa5 8.
Nb5 O-O 9. Ba3 d6 10. Bxd6 Rd8 11. Qb3 Na6 12. Bg2 Qb6 13. Rd1 Ne8 14. Ba3 Bd7
15. Be7 Nc5 16. Bxd8 Rxd8 17. Qb4 Rc8 18. Nd6 Nxd6 19. Qxb6 axb6 20. Rxd6 Ra8
21. Bxb7 Rxa2 22. O-O g6 23. Rxb6 Rxe2 24. Bc6 Rc2 25. Bb5 Rxc3 26. Rd1 Bxb5
27. cxb5 Rc2 28. Rc6 Rc3 29. Rd8+ Kg7 30. Rdc8 1-0

[Event "Kreuzberg Open"]
[Site "Berlin"]
[Date "2005.07.03"]
[Round "2"]
[White "Platzek, Janine"]
[Black "Kozyrev, Daniil"]
[Result "0-1"]
[WhiteElo "2070"]
[BlackElo "2217"]
[PlyCount "64"]
[EventDate "2005.07.??"]
[EventType "swiss"]
[EventRounds "9"]
[EventCountry "GER"]
[Source "SC Kreuzberg"]
[SourceDate "2005.07.24"]

1. d4 Nf6 2. Nf3 e6 3. c4 d5 4. Nc3 Bb4 5. Bg5 h6 6. Bxf6 Qxf6 7. e3 O-O 8. Bd3
c5 9. Rc1 cxd4 10. Nxd4 e5 11. Ndb5 dxc4 12. Bxc4 Qc6 13. Qd5 a6 14. Qxc6 Nxc6
15. Nc7 Ra7 16. N7d5 Ba5 17. O-O b5 18. Bb3 Nb4 19. Nxb4 Bxb4 20. Nd5 Ba5 21.
Rc5 Be6 22. Rfc1 Rd8 23. e4 Kf8 24. h3 Rad7 25. Rc6 Rd6 26. R1c2 f5 27. f3 Be1
28. Rc1 Bg3 29. R1c3 a5 30. Rxd6 Rxd6 31. Ne3 f4 32. Bxe6 fxe3 0-1